| 000 | 00724nam a2200229Ia 4500 | ||
|---|---|---|---|
| 003 | OSt | ||
| 005 | 20220918110209.0 | ||
| 006 | a|||||r|||| 00| 0 | ||
| 007 | ta | ||
| 008 | 220915b |||||||| |||| 00| 0 hin d | ||
| 024 | _a46589 | ||
| 037 | _cReference Collections | ||
| 040 |
_aARTS _cARTS _bhin |
||
| 041 |
_2hin _ahin |
||
| 082 | _aO15,2an7, L7(RR) | ||
| 100 |
_aSchuyler Montgomery _96326 |
||
| 245 | 0 | _aBibliography of sanskrit drama with an introductory sketch of the dramatic literature of India | |
| 260 |
_aNew Delhi _bAsian Publication _c1977 |
||
| 650 | _aSANSKRIT LITERATURE | ||
| 942 |
_hO15,2an7, L7(RR) _cREF |
||
| 999 |
_c111555 _d111555 |
||